000 00518nam a2200181Ia 4500
999 _c23370
_d23370
003 OSt
005 20200206105606.0
008 190216s9999||||xx |||||||||||||| ||und||
040 _coclc
082 _a297.61
_bHAS/S
100 _aHasan, Abdulla
_91841
245 0 _aSacharitharaya Qaleephamar /
_cAbdulla Hasan
250 _a10th ed.
260 _bIslamic Publishing House,
_c2013.
_aFeroke:
300 _a83p
650 _aIslamic History
942 _cBK
_2ddc
_h297.61
_iHAS/S
_k297.61
_mHAS/S